1895 1830 1940 1436 1455 1139 1042 1874 1704 1801 1470 1461 1748 1180 1136 1893 1293 1725 1776 1040 1673 1626 1089 1587 1992 1839 1832 1405 1502 1362 1830 1669 1977 1355 1555 1985 1576 1944 1109 1458 1919 1563 1597 1330 1554 1737 1948 1506 1800 1678 1256 1583 1272 1497 1058 1483 1252 1728 1014 1948 1751 1951 1090 1622 1318 1245 1961 1407 1355 1615 1860 1390 1143 1961 1176 1726 1592 1624 1133 1572 1545 1026 1646 1739 1338 1414 1451 1309 1923 1753 1178 1025 1155 1453 1895 1741 1842 1945 1201 BCNSPRNW ULIB Ver.6.0+V

เปลี่ยนเป็นภาษาไทย

Change to English
 แสดงรายละเอียดบรรณานุกรม
  กลับหน้าหลัก

Brief Record : Get Marc (ISO 2709) : E-mail record : QR code < ปิดหน้าต่าง
LEADER : 00000nam 2200000uu 4500
001    13399126150
003     ULIB
008    180613s2560||||th 000 0 tha d
020    ^a9786165470872
040    ^absc
050  4 ^aPE1112^bส779c
100 0  ^aสุทิน พูลสวัสดิ์
245 10 ^aCU-TEP grammar :^berror identificationภาษาอังกฤษเข้าจุฬาลงกรณ์มหาวิทยาลัย /^cSutin Poolsawad
246 30 ^aภาษาอังกฤษเข้าจุฬาลงกรณ์มหาวิทยาลัย
246 31 ^aBest test preparation for CU-TEP : CU-TEP grammar
250    ^aพิมพ์ครั้งที่ 4
260    ^aกรุงเทพฯ :^bศูนย์หนังสือ ที.จี.อาร์.อี.,^c2560
300    ^a266 หน้า ;^c26 ซม.
610 24 ^aจุฬาลงกรณ์มหาวิทยาลัย^xการสอบคัดเลือก^xข้อสอบและเฉลย
650  0 ^aEnglish language^xGrammar
650  0 ^aEnglish language^vExaminations, questions, etc.
650  0 ^aEnglish language^xExaminations
650  4 ^aภาษาอังกฤษ^xไวยากรณ์
650  4 ^aภาษาอังกฤษ^vข้อสอบและเฉลย
650  4 ^aภาษาอังกฤษ^xการสอบ
700 0  ^aSutin Poolsawad
910    ^aSend to UC
945    ^p285^l0^i004793
945    ^p285^l0^i004244
999    ^aประนอม เกษจรัล
รายการนี้ยังไม่มีแท็ก
คุณยังไม่ได้ล็อกอิน คุณสามารถมีกิจกรรมร่วมกับเว็บไซต์ได้ แต่ต้องล็อกอินก่อน ::
  ล็อกอิน

รายการสื่อสารสนเทศ

ลำดับที่ ประเภท เลขเรียก/บาร์โค้ด สถานที่ สถานะ
1. วิทยาศาสตร์การแพทย์ และสุขภาพ
หนังสือสำรอง
สถานะ=หนังสือสำรอง
PE1112 ส779c ฉ.1 
  Barcode: 004244
ห้องสมุดวิทยาเขตนครสวรรค์
►นวนิยาย:l:Fiction
บนชั้น
2. การศึกษาทั่วไป
การศึกษาทั่วไป
PE1112 ส779c ฉ.2 
  Barcode: 004793
ห้องสมุดวิทยาเขตสวรรค์ประชารักษ์
►หนังสือทั่วไป
บนชั้น

รายการใกล้เคียง
    ผู้แต่ง [สุทิน พูลสวัสดิ์]

    หัวเรื่อง [English language Grammar]

BibComment


ยังไม่เคยถูกคอมเมนท์

คอมเมนท์ทรัพยากรรายการนี้
  คอมเมนท์: CUTEP grammar e..


 Copyright 2026. Bcnsprnw @Library